000 01092nam a2200217Ia 4500
005 20220527183019.0
008 220524t{260a}||||xx |||||||||||||| ||spa||
040 _aODONTO
_bspa
_cODONTO
_dODONTO
082 _aDVD 617.690284 M196
100 1 _aMagne, Michel
_91388
245 0 _aCarillas sobre técnicas del refractario /
_cMichael Magne. --
260 _aMéxico :
_bArgoz Dental,
_c2015.
300 _aDVD
_bCd-Rom
440 _a(Alta técnica dental)
_91481
500 _aTítulo en inglés: Veener over refractory die technique. Subtítulos en español. Duración 103 minutos. Contenido: 1 Sellado del dado y color base con dentinas 2 Cut-back, mamelones y masas secundarias 3 Puntos de contacto y formas internas 4 Colores internos, forma y anatomía superficial 5 Glaze, pulido y textura 6 Recuperado y arenado de la carilla.
650 0 2 _aModelos dentales
_91389
650 0 2 _aPrótesis dental
_xDentaduras postizas
_91503
650 0 2 _aOdontología estética
_91482
650 0 2 _aDientes artificiales
_91077
942 _aBiblioteca Facultad de Odontología
_cVM
_kDVD 617.690284 M196
_2ddc
999 _c487
_d487